Elements of chemical reaction engineering / (Record no. 21084)
[ view plain ]
| 000 -LEADER | |
|---|---|
| fixed length control field | 01025cam a22003015a 4500 |
| 001 - CONTROL NUMBER | |
| control field | 016524436 |
| 003 - CONTROL NUMBER IDENTIFIER | |
| control field | EG-ScBUE |
| 005 - DATE AND TIME OF LATEST TRANSACTION | |
| control field | 20201128023624.0 |
| 006 - FIXED-LENGTH DATA ELEMENTS--ADDITIONAL MATERIAL CHARACTERISTICS--GENERAL INFORMATION | |
| fixed length control field | m||||f ||z 00| 0 |
| 008 - FIXED-LENGTH DATA ELEMENTS--GENERAL INFORMATION | |
| fixed length control field | 150114t2014 enka frb 001 0 eng d |
| 020 ## - INTERNATIONAL STANDARD BOOK NUMBER | |
| International Standard Book Number | 9781292026169 (paperback) |
| 020 ## - INTERNATIONAL STANDARD BOOK NUMBER | |
| International Standard Book Number | 1292026162 (paperback) |
| 020 ## - INTERNATIONAL STANDARD BOOK NUMBER | |
| International Standard Book Number | 0130473944 (CD with book) |
| 040 ## - CATALOGING SOURCE | |
| Original cataloging agency | StDuBDS |
| Language of cataloging | eng |
| Transcribing agency | StDuBDS |
| Modifying agency | EG-ScBUE |
| -- | EG-ScBUE |
| 082 04 - DEWEY DECIMAL CLASSIFICATION NUMBER | |
| Classification number | 660.28 |
| Item number | FOG |
| Edition number | 22 |
| 100 1# - MAIN ENTRY--PERSONAL NAME | |
| Personal name | Fogler, H. Scott. |
| 9 (RLIN) | 817 |
| 245 10 - TITLE STATEMENT | |
| Title | Elements of chemical reaction engineering / |
| Statement of responsibility, etc | H. Scott Fogler. |
| 250 ## - EDITION STATEMENT | |
| Edition statement | 4th ed., Pearson new international ed. |
| 260 ## - PUBLICATION, DISTRIBUTION, ETC. (IMPRINT) | |
| Place of publication, distribution, etc | Harlow : |
| Name of publisher, distributor, etc | Pearson Education Limited, |
| Date of publication, distribution, etc | c.2014. |
| 300 ## - PHYSICAL DESCRIPTION | |
| Extent | ii, 876 p. : |
| Other physical details | ill. (black and white) ; |
| Dimensions | 28 cm. + |
| Accompanying material | 1 CD-ROM. |
| 490 0# - Series Statement | |
| Series statement | Pearson custom library |
| 504 ## - BIBLIOGRAPHY, ETC. NOTE | |
| Bibliography, etc | Includes bibliographical references and index. |
| 650 #7 - SUBJECT ADDED ENTRY--TOPICAL TERM | |
| Topical term or geographic name as entry element | Chemical engineering. |
| Source of heading or term | BUEsh |
| 9 (RLIN) | 1062 |
| 650 #7 - SUBJECT ADDED ENTRY--TOPICAL TERM | |
| Topical term or geographic name as entry element | Chemical reactions. |
| Source of heading or term | BUEsh |
| 9 (RLIN) | 36417 |
| 651 ## - SUBJECT ADDED ENTRY--GEOGRAPHIC NAME | |
| Source of heading or term | BUEsh |
| 653 ## - INDEX TERM--UNCONTROLLED | |
| Resource For college | Engineering, Chemical |
| Arrived date list | November2015 |
| -- | May2019 |
| 942 ## - ADDED ENTRY ELEMENTS (KOHA) | |
| Source of classification or shelving scheme | Dewey Decimal Classification |
| Withdrawn status | Item status | Source of classification or shelving scheme | Damaged status | Not for loan | Vendor | Home library | Current library | Shelving location | Date acquired | Source of acquisition | Total Checkouts | Total Renewals | Full call number | Barcode | Date last seen | Date last borrowed | Koha item type | Cost, normal purchase price | Serial Enumeration / chronology | Cost, replacement price |
|---|---|---|---|---|---|---|---|---|---|---|---|---|---|---|---|---|---|---|---|---|
| Dewey Decimal Classification | Baccah | Central Library | Central Library | First floor | 29/11/2015 | Purchase | 3 | 12 | 660.28 FOG | 000031437 | 15/07/2025 | 08/06/2022 | Book - Borrowing | |||||||
| Dewey Decimal Classification | Baccah | Central Library | Central Library | First floor | 29/11/2015 | Purchase | 660.28 FOG | 000031438 | 24/08/2022 | CD | DVD - With book | ||||||||||
| Dewey Decimal Classification | Baccah | Central Library | Central Library | First floor | 29/11/2015 | Purchase | 660.28 FOG | 000031439 | 24/08/2022 | CD | DVD - With book | ||||||||||
| Dewey Decimal Classification | Baccah | Central Library | Central Library | First floor | 29/11/2015 | Purchase | 2 | 14 | 660.28 FOG | 000031440 | 15/07/2025 | 18/11/2018 | Book - Borrowing | |||||||
| Dewey Decimal Classification | Baccah | Central Library | Central Library | First floor | 29/11/2015 | Purchase | 660.28 FOG | 000031441 | 24/08/2022 | CD | DVD - With book | ||||||||||
| Dewey Decimal Classification | Baccah | Central Library | Central Library | First floor | 29/11/2015 | Purchase | 660.28 FOG | 000031442 | 24/08/2022 | CD | DVD - With book | ||||||||||
| Dewey Decimal Classification | Baccah | Central Library | Central Library | First floor | 29/11/2015 | Purchase | 3 | 31 | 660.28 FOG | 000031443 | 15/07/2025 | 23/11/2021 | Book - Borrowing | |||||||
| Dewey Decimal Classification | Baccah | Central Library | Central Library | First floor | 29/11/2015 | Purchase | 660.28 FOG | 000031444 | 24/08/2022 | CD | DVD - With book | ||||||||||
| Dewey Decimal Classification | Baccah | Central Library | Central Library | First floor | 29/11/2015 | Purchase | 660.28 FOG | 000031445 | 24/08/2022 | CD | DVD - With book | ||||||||||
| Dewey Decimal Classification | Baccah | Central Library | Central Library | First floor | 13/05/2019 | Purchase | 660.28 FOG | 000044656 | 15/07/2025 | NB - Book (Non borrowing) | 731.00 | 21201 | 914.00 | |||||||
| Dewey Decimal Classification | Baccah | Central Library | Central Library | First floor | 13/05/2019 | Purchase | 660.28 FOG | 000044657 | 24/08/2022 | CD | DVD - With book (NB) | ||||||||||
| Dewey Decimal Classification | Baccah | Central Library | Central Library | First floor | 13/05/2019 | Purchase | 660.28 FOG | 000044658 | 24/08/2022 | CD | DVD - With book (NB) |